000 00591nam a2200217Ia 4500
005 20260115172842.0
008 008 260114s9999 xx 000 0 eng d
020 _a9789048550715
037 _aEBOOK
040 _aCRL
_beng
_cCRL
041 _aeng
_2eng
084 _qCRL
100 _aWilcox
_9879485
245 0 _aHeritage and the Making of Political Legitimacy in Laos
260 _bBristol University Press
260 _bCambridge University Press
260 _c2021
856 _uhttps://doi.org/10.1017/9789048550715
942 _cEBOOK
999 _c1478091
_d1478091